Tratamiento alcalino en mezclas poliester algodon

Guardat en:
Dades bibliogràfiques
Autor principal: Rodríguez Villalobos, Ruth
Format: Llibre
Publicat: [San José , Costa Rica] 1995
Matèries:
Etiquetes: Afegir etiqueta
Sense etiquetes, Sigues el primer a etiquetar aquest registre!

MARC

LEADER 00000nam a2200000Ia 4500
003 007806
005 20221231144250.0
008 140114s1995 cr a m 000 ||s d
040 |c cru CEDI 
090 |a TFG 3378 
100 |a Rodríguez Villalobos, Ruth  |9 10545 
245 |a Tratamiento alcalino en mezclas poliester algodon 
260 |c 1995  |a  [San José , Costa Rica] 
300 |a  148 hojas : ilustraciones  
500 |a  Proyecto de graduacion (licenciatura en ingenieria quimica)--Universidad de Costa Rica. Facultad de Ingenieria. Escuela de Ingenieria Quimica 
650 |x INDUSTRIAS TEXTILES Y TELAS - COSTA RICA  |9 10546 
942 |c TFG  |2 ddc 
999 |c 19306  |d 19306